| 000 | 00610nam a2200205Ia 4500 | ||
|---|---|---|---|
| 005 | 20260429112208.0 | ||
| 008 | 260429s9999||||xx |||||||||||||| ||und|| | ||
| 020 | _a9789355282279 | ||
| 041 | _aEnglish | ||
| 082 |
_a726.145 _bKUM |
||
| 100 | _aKumaran, S. | ||
| 245 | 0 |
_aMandapas of the Vijayanagara Nayaks period in Tamil Nadu : _ba historical and cultural study / _cS. Kumaran |
|
| 250 | _a1st ed. | ||
| 260 |
_aChennai : _bMJP Publishers , _c2022. |
||
| 300 | _axlvii, 254 p.; hb | ||
| 650 | _a Tamil Nadu-History | ||
| 650 | _a Vijayanagara Empire | ||
| 650 | _aTemple architecture | ||
| 942 | _cTB | ||
| 999 |
_c52833 _d52833 |
||